<A> Scientific Instructor's Experience in Coordinating Doctoral Students' Research in Intercultural Communication

Saved in:
Bibliographic Details
Main Author: Breveníková, Daniela
Format: Book Chapter
Language:English
Subjects:
Tags: Add Tag
No Tags, Be the first to tag this record!

MARC

LEADER 00000naa$a2200000$$$4500
001 0200161
005 20240502083509.0
041 0 |a eng 
044 |a AT 
245 1 0 |a <A> Scientific Instructor's Experience in Coordinating Doctoral Students' Research in Intercultural Communication  |c Daniela Breveníková 
610 2 0 |a vzdelávanie 
610 2 0 |a komunikácia interkultúrna 
610 2 0 |a vzdelávanie vysokoškolské 
610 2 0 |a jazyky cudzie 
610 2 0 |a angličtina 
610 2 0 |a školy vysoké 
610 2 0 |a školy stredné 
100 1 |a Breveníková, Daniela